ARRUPE JESUIT UNIVERSITY

CORONAVIRUS -STOP THE SPREAD - CLEAN,DISINFECT,COVER

Christianity without fetishes (Record no. 8902)

MARC details
000 -LEADER
fixed length control field 00513nam a2200205Ia 4500
003 - CONTROL NUMBER IDENTIFIER
control field 0100
008 - FIXED-LENGTH DATA ELEMENTS--GENERAL INFORMATION
fixed length control field 130303s9999 xx 000 0 und d
020 ## - INTERNATIONAL STANDARD BOOK NUMBER
International Standard Book Number 883444321
040 ## - CATALOGING SOURCE
Transcribing agency ARRUPELIB
050 ## - LIBRARY OF CONGRESS CALL NUMBER
Classification number BR1360.E36131984
100 ## - MAIN ENTRY--PERSONAL NAME
Personal name Eboussi Boulage, Fabien
245 ## - TITLE STATEMENT
Title Christianity without fetishes
245 ## - TITLE STATEMENT
Remainder of title an African critique and recapture of christianity
260 ## - PUBLICATION, DISTRIBUTION, ETC. (IMPRINT)
Place of publication, distribution, etc Maryknoll
260 ## - PUBLICATION, DISTRIBUTION, ETC. (IMPRINT)
Name of publisher, distributor, etc Orbis Books
260 ## - PUBLICATION, DISTRIBUTION, ETC. (IMPRINT)
-- 1984
300 ## - PHYSICAL DESCRIPTION
Extent 238 p.
650 ## - SUBJECT ADDED ENTRY--TOPICAL TERM
Topical term following geographic name as entry element Christianity -- Asia
942 00 - ADDED ENTRY ELEMENTS (KOHA)
Koha issues (borrowed), all copies 1
Holdings
Withdrawn status Lost status Source of classification or shelving scheme Damaged status Not for loan Collection code Home library Current library Shelving location Date acquired Total Checkouts Full call number Barcode Date last seen Copy number Price effective from Koha item type Public note Date checked out
    Library of Congress Classification     Main Collection ARRUPE LIBRARY ARRUPE LIBRARY Main Collection 04/03/2013   BR1360.E36131984 46003021693 23/01/2024 1 04/03/2013 Monograph ( Printed materials) On reserve  
    Library of Congress Classification     Main Collection ARRUPE LIBRARY ARRUPE LIBRARY   04/03/2013 3 BR1360.E36131984 46406888 10/12/2024 2 04/03/2013 Monograph ( Printed materials)   27/05/2022

 

Arrupe Library. PO Box MP320 Mt Pleasant, Harare, Zimbabwe
263 242 745411|librarian@aju.ac.zw